000
00268nam a2200109Ia 4500
008
190216s9999||||xx |||||||||||||| ||und||
100
_a
Abdurahim C T
245
0
_a
Madavum Yukthivadavum
260
_b
Islamic Publishing House
650
_a
Essay Malayalam
942
_c
BK
999
_c
25188
_d
25188